| 000 | 00551nam a2200205 i 4500 | ||
|---|---|---|---|
| 001 | 58714 | ||
| 003 | ES-MaACL | ||
| 005 | 20230906163852.0 | ||
| 007 | t| | ||
| 008 | 031023s1973 sp ||||1| spa d | ||
| 100 | 1 |
_aEdwards, Jorge. _946673 |
|
| 245 | 1 | 0 |
_aPersona non grata / _cJorge Edwards. |
| 250 | _a[1ª ed.]. | ||
| 260 |
_aBarcelona : _bBarral, _c1973. |
||
| 300 |
_a478 p. ; _c19 cm. |
||
| 490 | 1 |
_aHispánica nova ; _v87 |
|
| 830 | 0 |
_aHispánica nova ; _v87 _9181258 |
|
| 852 |
_aES-MaACL _jC-56050 _bR.88566 |
||
| 999 |
_c58714 _d58714 |
||